00565cam a22001692 4500001001100000005001700011008004100028020001700069040001500086050002000101100003400121245010700155260003400262300001500296650004600311700003800357000000317020151217155819.0070430s xx 000 0 eng d a9966915605 : aKABUcKABU 0aHN793b.Z9C6O341 aOdhiambo, Morris.@000015286810aDevolved funds and development :ba handbook on participation /cMorris Odhiambo, Anyembe Peter Taifa. aNairobi :bClaripress,c2005. aiii, 31 p. 0aCommunity developmentzKenya.@00001528691 aTaifa, Anyembe Peter.@0000152870